书目信息 |
| 题名: |
抗拔基础的承载性能与计算
|
|
| 作者: | 刘文白 著 | |
| 分册: | ||
| 出版信息: | 上海 上海交通大学出版社 2007.05 |
|
| 页数: | 184页 | |
| 开本: | 23cm | |
| 丛书名: | 交通运输规划与管理研究系列 | |
| 单 册: | ||
| 中图分类: | TU47 | |
| 科图分类: | ||
| 主题词: | 基础 (工程)--ji chu(gong cheng)--承载力--计算 , 基础 (工程)--ji chu(gong cheng)--承载力--性能 | |
| 电子资源: | ||
| ISBN: | 978-7-313-04658-1 | |
| 000 | 01166nam 2200277 450 | |
| 001 | 012007051541 | |
| 005 | 20070926103010.39 | |
| 010 | @a978-7-313-04658-1@dCNY40.00 | |
| 100 | @a20070723d2007 km y0chiy0120 ea | |
| 101 | 0 | @achi |
| 102 | @aCN@b310000 | |
| 105 | @aak a 000yy | |
| 200 | 1 | @a抗拔基础的承载性能与计算@Akang ba ji chu de cheng zai xing neng yu ji suan@f刘文白著@Fliu wen bai zhu |
| 210 | @a上海@c上海交通大学出版社@d2007.05 | |
| 215 | @a184页@c图@d23cm | |
| 225 | 2 | @a交通运输规划与管理研究系列@Ajiao tong yun shu gui hua yu guan li yan jiu xi lie |
| 300 | @a上海市重点图书 | |
| 320 | @a有书目 (第183-184页) | |
| 330 | @a本书内容包括在上拔载荷作用下土体的强度特性、变形特性、应力分布、破坏形式的宏观表现与土体细观结构反应;基础受荷后土体细观结构的变化过程分析;上拔承载力计算;基础的上拔位移分析与计算;上拔承载性能的数值模拟;提高上拔承载能力的试验与研究。 | |
| 410 | 0 | @12001 @a交通运输规划与管理研究系列 |
| 606 | 0 | @a基础 (工程)@Aji chu(gong cheng)@x承载力@x计算 |
| 606 | 0 | @a基础 (工程)@Aji chu(gong cheng)@x承载力@x性能 |
| 690 | @aTU47@v4 | |
| 701 | 0 | @a刘文白@Aliu wen bai@4著 |
| 801 | 0 | @aCN@c20070926 |
| 905 | @dTU47@eL680 | |
| 抗拔基础的承载性能与计算/刘文白著.-上海:上海交通大学出版社,2007.05 |
| 184页:图;23cm.-(交通运输规划与管理研究系列) |
| 上海市重点图书 |
| ISBN 978-7-313-04658-1:CNY40.00 |
| 本书内容包括在上拔载荷作用下土体的强度特性、变形特性、应力分布、破坏形式的宏观表现与土体细观结构反应;基础受荷后土体细观结构的变化过程分析;上拔承载力计算;基础的上拔位移分析与计算;上拔承载性能的数值模拟;提高上拔承载能力的试验与研究。 |
| ● |
| 相关链接 |
|
|
|
正题名:抗拔基础的承载性能与计算
索取号:TU47/L680
 
预约/预借
| 序号 | 登录号 | 条形码 | 馆藏地/架位号 | 状态 | 备注 |
| 1 | 244187 | 202441875 | 土木与交通工程学院资料室/土木与交通学院资料室 1排1列1层/ [索取号:TU47/L680] | 在馆 | |
| 2 | 244188 | 202441884 | 建筑库101/101建筑库 96排4列2层/ [索取号:TU47/L680] | 在馆 | |
| 3 | 244189 | 202441893 | 建筑库101/101建筑库 96排4列2层/ [索取号:TU47/L680] | 在馆 |